Brzdia niektoré daňové opatrenia štátu rozvoj podnikania na Slovensku?

Krátka rekapitulácia tých daňových opatrení štátu, ktoré z hľadiska makroekonomických objemov tokov verejných financií nič podstatné neriešia a ktoré skôr daňovníkov motivujú k ekonomickej kamufláži a daňovým únikom. Daňový limit na nákup auta. Zákaz nákupu informačno-audiovizuálnej techniky. Daňový...

Descrizione completa

Salvato in:
Dettagli Bibliografici
Autore principale: Burák, Emil
Natura: Capitolo di libro
Lingua:slovacco
Soggetti:
Tags: Aggiungi Tag
Nessun Tag, puoi essere il primo ad aggiungerne!!

MARC

LEADER 00000naa a2200000 4500
001 r038568
005 20230911132418.1
041 0 |a slo 
044 |a SK 
245 1 0 |a Brzdia niektoré daňové opatrenia štátu rozvoj podnikania na Slovensku?  |c Emil Burák 
520 |a Krátka rekapitulácia tých daňových opatrení štátu, ktoré z hľadiska makroekonomických objemov tokov verejných financií nič podstatné neriešia a ktoré skôr daňovníkov motivujú k ekonomickej kamufláži a daňovým únikom. Daňový limit na nákup auta. Zákaz nákupu informačno-audiovizuálnej techniky. Daňový limit na nákup PHM do 85 per. ich ceny. Zrušenie možnosti odpustenia preddavkov dane z príjmov. 
610 2 0 |a dane z príjmov 
610 2 0 |a podnikatelia 
610 2 0 |a podnikanie 
610 2 0 |a limity 
610 2 0 |a financie verejné 
610 2 0 |a nedoplatky 
610 2 0 |a únik daňový 
610 2 0 |a preddavky 
610 2 0 |a Slovensko 
100 1 |a Burák, Emil